[Event "OP-2013-0-02853"]
[Site "LSS email"]
[Date "2013.06.30"]
[Round "?"]
[White "Latopolski, Marek"]
[Black "Verich, Oleg"]
[Result "0-1"]
[WhiteElo "800"]
[BlackElo "1077"]
[PlyCount "42"]
[EventDate "2013.06.28"]
[EventType "tourn (corr)"]
[EventRounds "4"]
[EventCountry "GER"]
[SourceTitle "Telechess CBM 161"]
[Source "ChessBase"]
[SourceDate "2014.07.16"]
[SourceVersion "1"]
[SourceVersionDate "2014.07.16"]
[SourceQuality "1"]

1. Nf3 b6 2. d4 Bb7 3. c4 Nf6 4. e3 e6 5. Bd3 Be7 6. 0-0 Be4 7. Nc3 Bxd3 8. Qxd3 c6 9. e4 d5 10. cxd5 exd5 11. e5 Nfd7 12. Be3 0-0 13. Rac1 Re8 14. Ne2 Nf8 15. Ng3 Ne6 16. Nf5 Bf8 17. Rfd1 c5 18. dxc5 Bxc5 19. Bxc5 Nxc5 20. Qb1 Nba6 21. Nd6 Re6 0-1

[Event "OP-2013-0-02853"]
[Site "LSS email"]
[Date "2013.06.30"]
[Round "?"]
[White "Sandocal, Uzmir"]
[Black "Latopolski, Marek"]
[Result "1-0"]
[WhiteElo "1402"]
[BlackElo "800"]
[PlyCount "29"]
[EventDate "2013.06.28"]
[EventType "tourn (corr)"]
[EventRounds "4"]
[EventCountry "GER"]
[SourceTitle "Corr 2015"]
[Source "ChessBase"]
[SourceDate "2015.07.17"]
[SourceVersion "1"]
[SourceVersionDate "2015.07.17"]
[SourceQuality "1"]

1. e4 e5 2. Bc4 Nf6 3. Nc3 Nc6 4. Nf3 d6 5. Ng5 d5 6. exd5 Na5 7. Bb5+ c6 8. dxc6 bxc6 9. Qf3 Be7 10. Bxc6+ Nxc6 11. Qxc6+ Bd7 12. Qf3 0-0 13. d3 Ng4 14. h3 Nh6 15. h4 1-0

[Event "OP-2013-0-02839"]
[Site "LSS email"]
[Date "2013.06.24"]
[Round "?"]
[White "Dlugolecki, Grzegorz"]
[Black "Latopolski, Marek"]
[Result "1-0"]
[WhiteElo "1601"]
[BlackElo "800"]
[PlyCount "65"]
[EventDate "2013.06.20"]
[EventType "tourn (corr)"]
[EventRounds "4"]
[EventCountry "GER"]
[SourceTitle "Telechess CBM 161"]
[Source "ChessBase"]
[SourceDate "2014.07.16"]
[SourceVersion "1"]
[SourceVersionDate "2014.07.16"]
[SourceQuality "1"]

1. e4 c5 2. Nf3 Nc6 3. d4 cxd4 4. Nxd4 Nxd4 5. Qxd4 e6 6. Bf4 d6 7. Nc3 a6 8. 0-0-0 Bd7 9. Bxd6 Bxd6 10. Qxd6 Bc6 11. Be2 Qxd6 12. Rxd6 Rd8 13. Rxd8+ Kxd8 14. Rd1+ Kc7 15. f3 Ne7 16. g3 Rf8 17. f4 Nc8 18. e5 f6 19. exf6 gxf6 20. Rf1 Nd6 21. Bf3 Re8 22. Bxc6 Kxc6 23. Rd1 b5 24. a3 a5 25. b3 h5 26. Kb2 e5 27. fxe5 fxe5 28. Rf1 e4 29. Ne2 b4 30. Rf6 e3 31. axb4 axb4 32. c4 Kc7 33. Rf1 1-0